000 00300pam a2200109a 44500
008 230405s1998 xxu||||| |||| 00| 0 eng d
041 _aENG
100 _aPravin Chandra Trivedi
245 _aNematode Disesses in Plamts
260 _anew delhi
_bC.B.S Publishers & Distributers
_c1998
906 _a15114
999 _c305613
_d305613